| 000 | 00750nam a2200241 a 4500 | ||
|---|---|---|---|
| 001 | BRCA_1904 | ||
| 005 | 20190320203609.0 | ||
| 008 | 060608s2003----sp-a######---#000-0#spa-# | ||
| 020 | _a8496209032 | ||
| 041 | _aspa | ||
| 044 | _asp | ||
| 050 | 4 |
_aF1386 _b.M49 2003 |
|
| 245 | 1 | 0 |
_aMéxico y España _ccoordinación y producción editorial Carmen de Francisco. |
| 260 |
_aEspaña _bTf. Editores _c2003 |
||
| 300 |
_a150 p. _bil. (algunas a color) _c29 cm. |
||
| 440 | 0 |
_aEntre dos orillas _v01 _95877 |
|
| 500 | _aIncluye notas biográficas de los autores | ||
| 651 | 4 |
_aMéxico _xHistoria _9614 |
|
| 651 | 4 |
_aMéxico _xVida social y costumbres _9769 |
|
| 651 | 4 |
_aEspaña _xHistoria _94629 |
|
| 700 | 1 |
_aFrancisco, Carmen de _95878 |
|
| 942 |
_2lcc _cB |
||
| 999 |
_c1677 _d1677 |
||